[Event "BL2-West 2122"]
[Site "Germany"]
[Date "2022.05.15"]
[Round "6.7"]
[White "Lin, Yi1111"]
[Black "Fistoul, Boris"]
[Result "0-1"]
[WhiteElo "2394"]
[BlackElo "2035"]
[PlyCount "92"]
[EventDate "2022.03.05"]
[EventType "team-tourn"]
[EventRounds "10"]
[EventCountry "GER"]
[SourceTitle "EXT 2023"]
[Source "ChessBase"]
[SourceDate "2022.10.05"]
[SourceVersion "1"]
[SourceVersionDate "2022.10.05"]
[SourceQuality "1"]
[WhiteTeam "Dortmund Hansa"]
[BlackTeam "Bochum"]
[WhiteTeamCountry "GER"]
[BlackTeamCountry "GER"]

1. e4 e6 2. d3 b6 3. Nf3 Bb7 4. g3 Nf6 5. Qe2 d5 6. e5 Nfd7 7. Bg2 c5 8. 0-0 Be7 9. Re1 Nc6 10. c3 Qc7 11. Bf4 h6 12. h4 0-0-0 13. a3 Rdg8 14. h5 g5 15. hxg6 Rxg6 16. c4 Bg5 17. Bxg5 hxg5 18. cxd5 exd5 19. Nc3 g4 20. Nh4 Nd4 21. Qd1 Rxh4 22. gxh4 Nxe5 23. Rxe5 Qxe5 24. Kf1 Qf5 25. b4 Nf3 26. bxc5 Ba6 27. Ne2 Qxd3 28. Qxd3 Bxd3 29. Rd1 Bc4 30. Rc1 bxc5 31. h5 Re6 32. Rxc4 dxc4 33. Bxf3 gxf3 34. Nc3 Re5 35. h6 Rh5 36. Ke1 Rxh6 37. Kd2 Ra6 38. a4 f5 39. Kc2 Kd7 40. Kd2 Ke6 41. Kc2 Rb6 42. a5 Ra6 43. Nd1 Rxa5 44. Kc3 Ra1 45. Nb2 Rc1+ 46. Kd2 c3+ 0-1

[Event "GER-ch U25-A"]
[Site "Willingen"]
[Date "2019.06.12"]
[Round "6"]
[White "Parvanyan, Alfred"]
[Black "Fistoul, Boris"]
[Result "1-0"]
[WhiteElo "2066"]
[BlackElo "1918"]
[PlyCount "91"]
[EventDate "2019.06.08"]
[EventType "swiss"]
[EventRounds "9"]
[EventCountry "GER"]
[SourceTitle "CBM 191 Extra"]
[Source "ChessBase"]
[SourceDate "2019.09.30"]
[SourceVersion "1"]
[SourceVersionDate "2019.09.30"]
[SourceQuality "1"]

1. g3 e6 2. Bg2 f5 3. d4 Nf6 4. c4 g6 5. Nf3 Bg7 6. 0-0 0-0 7. Qc2 d6 8. b3 Nc6 9. Bb2 Ne4 10. Rd1 Qe8 11. d5 Nb4 12. Qc1 e5 13. a3 Na6 14. b4 b6 15. Ne1 Qf7 16. Nd3 Bd7 17. a4 Rae8 18. a5 Bc8 19. Nd2 Bh6 20. e3 Nxd2 21. Qxd2 f4 22. exf4 exf4 23. Qc3 Bg7 24. Qxg7+ Qxg7 25. Bxg7 Kxg7 26. axb6 axb6 27. b5 Nc5 28. Nxf4 g5 29. Nd3 Bg4 30. Nxc5 Bxd1 31. Ne6+ Rxe6 32. dxe6 Bg4 33. Bd5 Re8 34. Ra7 Re7 35. f3 Bh3 36. g4 h5 37. Kf2 hxg4 38. Kg3 Kf6 39. fxg4 Bf1 40. Ra3 Be2 41. h3 Bd1 42. Rc3 Ke5 43. Rc1 Ba4 44. Rf1 Bxb5 45. Rf5+ Kd4 46. cxb5 1-0

[Event "Ruhrgebiet Verbandsliga Gruppe 1 1819"]
[Site "Nordrheinwestfalen"]
[Date "2018.12.02"]
[Round "4.3"]
[White "Schriewer, Thomas"]
[Black "Fistoul, Boris"]
[Result "0-1"]
[WhiteElo "1907"]
[BlackElo "1955"]
[PlyCount "82"]
[EventDate "2018.09.23"]
[EventType "team-tourn"]
[EventRounds "9"]
[EventCountry "GER"]
[SourceTitle "EXT 2022"]
[Source "ChessBase"]
[SourceDate "2021.10.06"]
[SourceVersion "1"]
[SourceVersionDate "2021.10.06"]
[SourceQuality "1"]
[WhiteTeam "Sodingen/Castrop SK II"]
[BlackTeam "Bochum SG III"]
[WhiteTeamCountry "GER"]
[BlackTeamCountry "GER"]

1. Nf3 e6 2. d4 b6 3. c4 Bb7 4. e3 f5 5. Be2 Nf6 6. 0-0 Be7 7. Nbd2 0-0 8. b3 a5 9. Bb2 Ne4 10. Ne5 d6 11. Nd3 Nxd2 12. Qxd2 g5 13. f3 Nd7 14. Rad1 Qe8 15. Nf2 Qg6 16. Bd3 h5 17. Qe2 g4 18. Kh1 Rf7 19. e4 Raf8 20. exf5 exf5 21. d5 Nc5 22. Bc2 Bc8 23. a3 Bd7 24. b4 axb4 25. axb4 Na4 26. Bd4 Bf6 27. Bxf6 Qxf6 28. Ra1 b5 29. Bxa4 bxa4 30. b5 Ra8 31. fxg4 fxg4 32. Nd3 Re8 33. Rxf6 Rxe2 34. Rxf7 Kxf7 35. Kg1 Re3 36. Nb4 Rc3 37. Nc6 Bxc6 38. bxc6 Rxc4 39. Kf2 Kf6 40. Rb1 a3 41. Rb7 Ra4 0-1

[Event "Ruhrgebiet Regionalliga 1819"]
[Site "Nordrheinwestfalen"]
[Date "2018.09.30"]
[Round "2.7"]
[White "Fistoul, Boris"]
[Black "Georg, Heinz"]
[Result "1/2-1/2"]
[WhiteElo "1921"]
[BlackElo "2071"]
[PlyCount "103"]
[EventDate "2018.09.02"]
[EventType "team-tourn"]
[EventRounds "11"]
[EventCountry "GER"]
[SourceTitle "EXT 2022"]
[Source "ChessBase"]
[SourceDate "2021.10.06"]
[SourceVersion "1"]
[SourceVersionDate "2021.10.06"]
[SourceQuality "1"]
[WhiteTeam "Bochum SG II"]
[BlackTeam "Kamen SV"]
[WhiteTeamCountry "GER"]
[BlackTeamCountry "GER"]

1. d4 f5 2. c4 Nf6 3. e3 e6 4. Nc3 Be7 5. Bd3 b6 6. Nge2 Bb7 7. 0-0 0-0 8. f3 c5 9. Qc2 Nc6 10. a3 g6 11. b3 Rc8 12. Kh1 Rf7 13. Bb2 Qf8 14. Bc1 Bd6 15. Bd2 Qh6 16. h3 g5 17. d5 Ne5 18. e4 f4 19. Kg1 Ba6 20. a4 Bc7 21. Nb5 Bb8 22. Rad1 Bb7 23. Bc3 a6 24. Na3 exd5 25. cxd5 Ne8 26. Nc4 Nxd3 27. Qxd3 b5 28. Ne5 Re7 29. Ng4 Qg6 30. axb5 h5 31. Nf2 axb5 32. b4 Ba7 33. Ra1 c4 34. Qd1 Be3 35. Bd4 Qd6 36. Rb1 Ra8 37. Nc3 Qb8 38. Re1 Bxd4 39. Qxd4 Nd6 40. Ra1 Rxa1 41. Rxa1 Re8 42. Ra5 Bc8 43. Qa7 Qxa7 44. Rxa7 Kf7 45. Kf1 Kf6 46. Ra5 Ke5 47. Ke1 Kd4 48. Kd2 Bb7 49. Nxb5+ Nxb5 50. Rxb5 c3+ 51. Kc2 Ba6 52. Ra5 1/2-1/2

[Event "Ruhrgebiet Verbandsliga Gruppe 1 1819"]
[Site "Nordrheinwestfalen"]
[Date "2018.09.23"]
[Round "1.3"]
[White "Boehm, Ingo"]
[Black "Fistoul, Boris"]
[Result "0-1"]
[WhiteElo "2035"]
[BlackElo "1921"]
[PlyCount "70"]
[EventDate "2018.09.23"]
[EventType "team-tourn"]
[EventRounds "9"]
[EventCountry "GER"]
[SourceTitle "EXT 2022"]
[Source "ChessBase"]
[SourceDate "2021.10.06"]
[SourceVersion "1"]
[SourceVersionDate "2021.10.06"]
[SourceQuality "1"]
[WhiteTeam "Bochum-Linden"]
[BlackTeam "Bochum SG III"]
[WhiteTeamCountry "GER"]
[BlackTeamCountry "GER"]

1. e4 b6 2. d4 Bb7 3. Bd3 e6 4. Ne2 c5 5. c3 Nf6 6. Nd2 d6 7. 0-0 Nc6 8. f4 cxd4 9. cxd4 Be7 10. Nf3 0-0 11. Bd2 Re8 12. Rc1 Rc8 13. Qa4 a6 14. b4 b5 15. Qb3 Bf8 16. Kh1 h6 17. a3 Nb8 18. e5 Ne4 19. Rxc8 Qxc8 20. Be1 Nd7 21. Qb1 Qa8 22. Ng3 Nxg3+ 23. Bxg3 Nb6 24. f5 dxe5 25. fxe6 Rxe6 26. dxe5 Nc4 27. Bxc4 bxc4 28. Qc2 Bd5 29. Nd4 Re8 30. Re1 a5 31. Qb2 axb4 32. axb4 Qb7 33. b5 Bc5 34. Re2 Rd8 35. Nc2 Bxg2+ 0-1

[Event "GER-ch U25-A"]
[Site "Willingen"]
[Date "2018.05.24"]
[Round "7"]
[White "Von Freymann, Franz"]
[Black "Fistoul, Boris"]
[Result "1/2-1/2"]
[WhiteElo "1820"]
[BlackElo "1980"]
[PlyCount "59"]
[EventDate "2018.05.19"]
[EventType "swiss"]
[EventRounds "9"]
[EventCountry "GER"]
[SourceTitle "CBM 184 Extra"]
[Source "ChessBase"]
[SourceDate "2018.06.28"]
[SourceVersion "1"]
[SourceVersionDate "2018.06.28"]
[SourceQuality "1"]

1. d4 e6 2. c4 f5 3. Nf3 Nf6 4. Nc3 Be7 5. Bf4 0-0 6. e3 b6 7. d5 Nh5 8. d6 cxd6 9. Bxd6 a6 10. Be2 Nc6 11. 0-0 Bb7 12. Ne5 Nxe5 13. Bxe5 Nf6 14. Bf3 Bxf3 15. Qxf3 d6 16. Rad1 Qc7 17. Bg3 Rad8 18. e4 Qxc4 19. exf5 e5 20. Qd3 Qxd3 21. Rxd3 b5 22. Rfd1 Rc8 23. Bh4 b4 24. Bxf6 Bxf6 25. Nd5 Rc2 26. Nxb4 Rxb2 27. Nxa6 Rxa2 28. Rxd6 Be7 29. Re6 Rxf5 30. Rxe7 1/2-1/2

[Event "GER-chT U20"]
[Site "Duesseldorf"]
[Date "2017.12.30"]
[Round "7.6"]
[White "Oberhofer, Marie"]
[Black "Fistoul, Boris"]
[Result "1/2-1/2"]
[WhiteElo "1714"]
[BlackElo "1924"]
[PlyCount "271"]
[EventDate "2017.12.27"]
[EventType "team-swiss"]
[EventRounds "7"]
[EventCountry "GER"]
[SourceTitle "CBM 182 Extra"]
[Source "ChessBase"]
[SourceDate "2018.02.23"]
[SourceVersion "1"]
[SourceVersionDate "2018.02.23"]
[SourceQuality "1"]
[WhiteTeam "Regensburg Bavaria U20"]
[BlackTeam "Bochum SG U20"]
[WhiteTeamCountry "GER"]
[BlackTeamCountry "GER"]

1. e4 e6 2. d4 b6 3. Bd3 Bb7 4. Nf3 c5 5. c3 Nf6 6. Nbd2 Nc6 7. 0-0 Be7 8. Re1 d5 9. e5 Nd7 10. Nf1 h6 11. Ng3 Qc7 12. Nh5 g6 13. Ng3 0-0-0 14. a4 Rdg8 15. Qe2 cxd4 16. Nxd4 Ncxe5 17. Bf4 Bf6 18. Nb5 Qb8 19. c4 g5 20. Be3 h5 21. cxd5 Bxd5 22. Rac1+ Kd8 23. Ne4 Be7 24. Bd4 g4 25. Qc2 Bc6 26. a5 h4 27. axb6 axb6 28. Nd2 Nf3+ 29. Nxf3 gxf3 30. Qxc6 Rxg2+ 31. Kf1 Rhg8 32. Qxf3 e5 33. Be3 Nc5 34. Qd5+ Ke8 35. Bxc5 Bxc5 36. Rxe5+ Kf8 37. Rxc5 bxc5 38. Qxc5+ Kg7 39. Qd4 Rg1+ 40. Kxg1 Kf6+ 41. Kf1 Qxe5 42. Qxh4+ Kg7 43. Qh7+ Kf8 44. Bc4 Qf4 45. Qc2 Qxh2 46. Qf5 Rg7 47. Qc8+ Ke7 48. Qc5+ Kf6 49. Qc6+ Ke7 50. Qe4+ Kf8 51. Nc3 Rg1+ 52. Ke2 Qh5+ 53. Kd3 Qh6 54. Qf5 Qd6+ 55. Qd5 Qf6 56. Qc5+ Kg8 57. Qc8+ Kg7 58. Qc5 Kg8 59. Qd4 Qf5+ 60. Kd2 Rg4 61. Qd8+ Kg7 62. Be2 Qxf2 63. Kc2 Rg3 64. Qe7 Re3 65. Qg5+ Kf8 66. Qc5+ Kg7 67. Qd4+ Kf8 68. Qd8+ Re8 69. Qd6+ Kg7 70. Qd3 Kf8 71. b4 Kg8 72. b5 Re3 73. Qc4 Re8 74. Kb3 Qb6 75. Bh5 Qe6 76. Qxe6 Rxe6 77. Kc4 Rb6 78. Kc5 Rxb5+ 79. Nxb5 Kg7 80. Kd5 f6 81. Ke6 f5 82. Kxf5 Kh8 83. Kg6 Kg8 84. Bg4 Kh8 85. Nd6 Kg8 86. Be6+ Kh8 87. Kf7 Kh7 88. Nf5 Kh8 89. Ne7 Kh7 90. Ng6 Kh6 91. Kf6 Kh7 92. Bf7 Kh6 93. Bg8 Kh5 94. Ne5 Kh4 95. Kf5 Kg3 96. Ke4 Kh4 97. Kf5 Kg3 98. Bc4 Kf2 99. Kf4 Ke1 100. Ke3 Kd1 101. Kd3 Kc1 102. Kc3 Kb1 103. Nf3 Ka1 104. Nd4 Kb1 105. Nc2 Kc1 106. Ba2 Kd1 107. Nd4 Ke1 108. Kd3 Kf2 109. Ke4 Ke1 110. Bb3 Kd2 111. Nb5 Kc1 112. Kd3 Kb2 113. Bd5 Kb1 114. Kc3 Ka1 115. Kb3 Kb1 116. Nd4 Ka1 117. Be6 Kb1 118. Nc2 Kc1 119. Kc3 Kb1 120. Bd5 Kc1 121. Ba2 Kd1 122. Kd3 Kc1 123. Kc3 Kd1 124. Bc4 Kc1 125. Nd4 Kb1 126. Bd3+ Ka1 127. Nc2+ Ka2 128. Nb4+ Ka1 129. Nd5 Ka2 130. Kc2 Ka1 131. Be2 Ka2 132. Bd1 Ka1 133. Kb3 Kb1 134. Nb4 Ka1 135. Nc2+ Kb1 136. Bf3 1/2-1/2

[Event "GER-chT U20"]
[Site "Duesseldorf"]
[Date "2017.12.28"]
[Round "4.6"]
[White "Fistoul, Boris"]
[Black "Schneider, Edward"]
[Result "1-0"]
[WhiteElo "1924"]
[BlackElo "1673"]
[PlyCount "61"]
[EventDate "2017.12.27"]
[EventType "team-swiss"]
[EventRounds "7"]
[EventCountry "GER"]
[SourceTitle "CBM 182 Extra"]
[Source "ChessBase"]
[SourceDate "2018.02.23"]
[SourceVersion "1"]
[SourceVersionDate "2018.02.23"]
[SourceQuality "1"]
[WhiteTeam "Bochum SG U20"]
[BlackTeam "Sasbach U20"]
[WhiteTeamCountry "GER"]
[BlackTeamCountry "GER"]

1. d4 d5 2. c4 e6 3. Nc3 c5 4. e3 cxd4 5. exd4 Nf6 6. cxd5 Nxd5 7. Nf3 Be7 8. Bd3 0-0 9. 0-0 a6 10. a3 Nc6 11. Re1 b5 12. Nxd5 exd5 13. Bxh7+ Kxh7 14. Qc2+ Kg8 15. Qxc6 Bf5 16. Bf4 Be4 17. Nd2 Bf5 18. Bc7 Qe8 19. Qxd5 Be6 20. Qe4 Qd7 21. d5 Qxc7 22. dxe6 fxe6 23. Qxe6+ Rf7 24. Rac1 Qb7 25. Nf3 Bf6 26. Ne5 Bxe5 27. Rxe5 Qa7 28. Rc8+ Rxc8 29. Qxc8+ Rf8 30. Qe6+ Rf7 31. Rf5 1-0

[Event "Ruhrgebiet Verbandsliga Gruppe 2 1718"]
[Site "Germany"]
[Date "2017.09.17"]
[Round "1.4"]
[White "Fistoul, Boris"]
[Black "Gottmann, Bernd"]
[Result "0-1"]
[WhiteElo "1961"]
[BlackElo "1912"]
[PlyCount "50"]
[EventDate "2017.09.17"]
[EventType "team-tourn"]
[EventRounds "9"]
[EventCountry "GER"]
[SourceTitle "EXT 2022"]
[Source "ChessBase"]
[SourceDate "2021.10.06"]
[SourceVersion "1"]
[SourceVersionDate "2021.10.06"]
[SourceQuality "1"]
[WhiteTeam "Bochum SG III"]
[BlackTeam "Gerthe Werne"]
[WhiteTeamCountry "GER"]
[BlackTeamCountry "GER"]

1. d4 g6 2. c4 Bg7 3. e4 c5 4. d5 d6 5. Nc3 e6 6. Be3 exd5 7. cxd5 Nf6 8. f3 0-0 9. Be2 Re8 10. Qd2 Na6 11. g4 Nc7 12. Bg5 Rb8 13. h4 b5 14. h5 b4 15. Nd1 Bd7 16. hxg6 fxg6 17. Ne3 Nb5 18. Bxb5 Bxb5 19. Qh2 Qe7 20. Nh3 h6 21. Bf4 Nxe4 22. 0-0-0 Ng5 23. Nxg5 hxg5 24. Qh7+ Kf7 25. Rh6 Qf6 0-1

[Event "GER-ch U25-A"]
[Site "Willingen"]
[Date "2017.06.10"]
[Round "9"]
[White "Fistoul, Boris"]
[Black "Rudolph, Eva"]
[Result "1-0"]
[WhiteElo "1958"]
[BlackElo "1685"]
[PlyCount "55"]
[EventDate "2017.06.04"]
[EventType "swiss"]
[EventRounds "9"]
[EventCountry "GER"]
[SourceTitle "CBM 178 Extra"]
[Source "ChessBase"]
[SourceDate "2017.06.22"]
[SourceVersion "1"]
[SourceVersionDate "2017.06.22"]
[SourceQuality "1"]

1. d4 d5 2. c4 e6 3. Nc3 Nf6 4. Bg5 Be7 5. e3 Nbd7 6. cxd5 exd5 7. Bd3 c6 8. Qc2 h6 9. Bh4 Nh5 10. Bxe7 Qxe7 11. Nf3 Nb6 12. 0-0 0-0 13. a4 a5 14. Ne5 Qg5 15. f4 Qd8 16. g4 Nf6 17. g5 hxg5 18. fxg5 Nfd7 19. Bh7+ Kh8 20. Nxf7+ Rxf7 21. Rxf7 Qxg5+ 22. Kh1 Qh6 23. Raf1 g5 24. Bg6 Nc4 25. Rh7+ Qxh7 26. Bxh7 b6 27. Qg6 Bb7 28. Rf7 1-0

[Event "GER-ch U25-A"]
[Site "Willingen"]
[Date "2017.06.04"]
[Round "2"]
[White "Weber, Daniel"]
[Black "Fistoul, Boris"]
[Result "1-0"]
[WhiteElo "2051"]
[BlackElo "1958"]
[PlyCount "73"]
[EventDate "2017.06.04"]
[EventType "swiss"]
[EventRounds "9"]
[EventCountry "GER"]
[SourceTitle "CBM 178 Extra"]
[Source "ChessBase"]
[SourceDate "2017.06.22"]
[SourceVersion "1"]
[SourceVersionDate "2017.06.22"]
[SourceQuality "1"]

1. d4 e6 2. e4 b6 3. Nc3 Bb7 4. Nf3 Bb4 5. Bd3 Nf6 6. Qe2 d5 7. e5 Ne4 8. Bd2 Nxd2 9. Qxd2 Be7 10. Ne2 0-0 11. 0-0 c5 12. c3 Ba6 13. Bxa6 Nxa6 14. Ne1 Rc8 15. f4 g6 16. g4 Qd7 17. f5 exf5 18. gxf5 Rfe8 19. e6 fxe6 20. f6 Bxf6 21. Rxf6 Rf8 22. Rxf8+ Rxf8 23. Nd3 cxd4 24. cxd4 Nc7 25. Rf1 Rxf1+ 26. Kxf1 Nb5 27. Ne5 Qe7 28. Qf4 a5 29. Nf3 Nd6 30. Qg5 Qf8 31. Kg2 Nf5 32. Ne5 b5 33. Nc6 Kg7 34. Qf4 a4 35. Qe5+ Kf7 36. Nf4 Qc8 37. Nxe6 1-0

[Event "Ruhrgebiet Verbandsliga Gruppe 2 1617"]
[Site "Germany"]
[Date "2017.04.30"]
[Round "9.2"]
[White "Fistoul, Boris"]
[Black "Ter Steeg, Marcus"]
[Result "0-1"]
[WhiteElo "1905"]
[BlackElo "2078"]
[PlyCount "50"]
[EventDate "2016.09.04"]
[EventType "team-tourn"]
[EventRounds "9"]
[EventCountry "GER"]
[SourceTitle "EXT 2022"]
[Source "ChessBase"]
[SourceDate "2021.10.06"]
[SourceVersion "1"]
[SourceVersionDate "2021.10.06"]
[SourceQuality "1"]
[WhiteTeam "Bochum SG III"]
[BlackTeam "Essen Werden"]
[WhiteTeamCountry "GER"]
[BlackTeamCountry "GER"]

1. d4 d5 2. c4 dxc4 3. e4 Nc6 4. d5 Ne5 5. f4 Nd3+ 6. Bxd3 cxd3 7. Qxd3 e6 8. Nc3 Nf6 9. Qb5+ Bd7 10. Qxb7 Rb8 11. Qxa7 exd5 12. e5 Ne4 13. Nxe4 dxe4 14. a3 Be7 15. Ne2 Rb6 16. Qa5 Bb5 17. Qd2 Qa8 18. Nd4 Bd3 19. Qf2 0-0 20. Nf5 Bb4+ 21. Bd2 Bxd2+ 22. Qxd2 Rd8 23. Qc3 e3 24. Nxe3 Qe4 25. Qd2 Rxb2 0-1

[Event "Ruhrgebiet Verbandsliga Gruppe 2 1617"]
[Site "Germany"]
[Date "2017.02.19"]
[Round "7.4"]
[White "Fistoul, Boris"]
[Black "Foerster, Wolfgang"]
[Result "1/2-1/2"]
[WhiteElo "1880"]
[BlackElo "1949"]
[PlyCount "63"]
[EventDate "2016.09.04"]
[EventType "team-tourn"]
[EventRounds "9"]
[EventCountry "GER"]
[SourceTitle "EXT 2022"]
[Source "ChessBase"]
[SourceDate "2021.10.06"]
[SourceVersion "1"]
[SourceVersionDate "2021.10.06"]
[SourceQuality "1"]
[WhiteTeam "Bochum SG III"]
[BlackTeam "Sodingen/Castrop SK II"]
[WhiteTeamCountry "GER"]
[BlackTeamCountry "GER"]

1. d4 c5 2. d5 d6 3. c4 g6 4. Nc3 Bg7 5. e4 Nf6 6. f3 0-0 7. Bg5 Na6 8. Qd2 Nc7 9. Bd3 Rb8 10. g4 Bd7 11. a4 b6 12. h4 a6 13. h5 b5 14. Qh2 bxc4 15. hxg6 fxg6 16. Bxf6 exf6 17. Bxc4 Qe7 18. Qxh7+ Kf7 19. Rh6 Rxb2 20. Qxg6+ Kg8 21. Qh7+ Kf7 22. 0-0-0 Rb4 23. Nge2 Ke8 24. Rg6 Rf7 25. Bd3 Bf8 26. Qh8 Bxa4 27. Rh1 Nb5 28. f4 Nxc3 29. Nxc3 c4 30. Bc2 Bxc2 31. Kxc2 Qa7 32. Qh2 1/2-1/2

[Event "GER-chT U20"]
[Site "Borken"]
[Date "2016.12.29"]
[Round "5.4"]
[White "Schulte, Felix"]
[Black "Fistoul, Boris"]
[Result "1-0"]
[WhiteElo "1873"]
[BlackElo "1869"]
[PlyCount "99"]
[EventDate "2016.12.27"]
[EventType "team-swiss"]
[EventRounds "7"]
[EventCountry "GER"]
[SourceTitle "EXT 2018"]
[Source "ChessBase"]
[SourceDate "2017.10.13"]
[SourceVersion "1"]
[SourceVersionDate "2017.10.13"]
[SourceQuality "1"]
[WhiteTeam "Halle USV"]
[BlackTeam "Bochum"]
[WhiteTeamCountry "GER"]
[BlackTeamCountry "GER"]

1. d4 e6 2. c4 f5 3. g3 d5 4. Bg2 Nf6 5. Nf3 c6 6. 0-0 Bd6 7. b3 Qe7 8. Nc3 0-0 9. Na4 Ne4 10. Nb2 f4 11. Nd3 fxg3 12. hxg3 Nd7 13. Bf4 Ndf6 14. Qc2 Bd7 15. Nfe5 g5 16. Be3 Be8 17. Bh3 h5 18. Qc1 Nd7 19. Bg2 Ba3 20. Qd1 h4 21. c5 hxg3 22. fxg3 Rxf1+ 23. Bxf1 Nxe5 24. Nxe5 Bb2 25. Rb1 Bc3 26. Qc1 Qf8 27. Bg2 Bd2 28. Bxd2 Qf2+ 29. Kh1 Nxg3+ 30. Kh2 Nxe2 31. Qe1 Qxe1 32. Rxe1 Nxd4 33. Bxg5 Kg7 34. Rf1 Nf5 35. Bh3 Bg6 36. Rg1 a5 37. Bf4 Ne7 38. Bxe6 a4 39. b4 Kf6 40. Bh3 a3 41. Nxg6 Nxg6 42. Bd2 Re8 43. Bc3+ Kf7 44. Rf1+ Kg8 45. Re1 Rf8 46. Be6+ Kh7 47. Kg3 Nf4 48. Bg4 Nd3 49. Re3 Nc1 50. Bd2 1-0

[Event "GER-chT U20"]
[Site "Borken"]
[Date "2016.12.28"]
[Round "3.4"]
[White "Fistoul, Boris"]
[Black "Mikeler, Marcel"]
[Result "1/2-1/2"]
[WhiteElo "1869"]
[BlackElo "1870"]
[PlyCount "75"]
[EventDate "2016.12.27"]
[EventType "team-swiss"]
[EventRounds "7"]
[EventCountry "GER"]
[SourceTitle "EXT 2018"]
[Source "ChessBase"]
[SourceDate "2017.10.13"]
[SourceVersion "1"]
[SourceVersionDate "2017.10.13"]
[SourceQuality "1"]
[WhiteTeam "Bochum"]
[BlackTeam "Heilbronn"]
[WhiteTeamCountry "GER"]
[BlackTeamCountry "GER"]

1. d4 Nf6 2. c4 e6 3. Nc3 Bb4 4. f3 d5 5. e3 0-0 6. cxd5 exd5 7. Bd3 c5 8. Nge2 Nc6 9. 0-0 Re8 10. a3 Bxc3 11. bxc3 Bd7 12. Rb1 cxd4 13. Nxd4 Na5 14. Qe2 a6 15. c4 dxc4 16. Bxc4 Nxc4 17. Qxc4 Rc8 18. Qb3 b5 19. Rd1 Rc4 20. Nf5 Re6 21. Bb2 Qc7 22. Bxf6 gxf6 23. Qd3 Re5 24. Nh6+ Kg7 25. Qxd7 Kxh6 26. Qxc7 Rxc7 27. Rb3 Rc2 28. Rd6 Re6 29. Rbd3 Kg6 30. Rxe6 fxe6 31. Rd6 Rc3 32. Rxa6 Rxe3 33. Kf2 Rb3 34. a4 bxa4 35. Rxa4 e5 36. g4 h5 37. h3 h4 38. Rc4 1/2-1/2

[Event "Ruhrgebiet Verbandsliga Gruppe 2 1617"]
[Site "Germany"]
[Date "2016.09.04"]
[Round "1.3"]
[White "Leimkuehler, Dirk"]
[Black "Fistoul, Boris"]
[Result "1/2-1/2"]
[WhiteElo "1833"]
[BlackElo "1869"]
[PlyCount "29"]
[EventDate "2016.09.04"]
[EventType "team-tourn"]
[EventRounds "9"]
[EventCountry "GER"]
[SourceTitle "EXT 2022"]
[Source "ChessBase"]
[SourceDate "2021.10.06"]
[SourceVersion "1"]
[SourceVersionDate "2021.10.06"]
[SourceQuality "1"]
[WhiteTeam "Welper SV II"]
[BlackTeam "Bochum SG III"]
[WhiteTeamCountry "GER"]
[BlackTeamCountry "GER"]

1. f4 e6 2. Nf3 f5 3. g3 Nf6 4. Bg2 d5 5. d4 c6 6. e3 Bd6 7. Nbd2 0-0 8. 0-0 Ne4 9. Ne5 Nxd2 10. Bxd2 Nd7 11. Nxd7 Bxd7 12. Qe2 b5 13. b4 Qe7 14. c3 a5 15. a3 1/2-1/2

[Event "Dortmund Sparkassen op-B 44th"]
[Site "Dortmund"]
[Date "2016.07.10"]
[Round "2"]
[White "Zygan, Michael"]
[Black "Fistoul, Boris"]
[Result "0-1"]
[WhiteElo "1693"]
[BlackElo "1825"]
[PlyCount "82"]
[EventDate "2016.07.09"]
[EventType "swiss"]
[EventRounds "9"]
[EventCountry "GER"]
[SourceTitle "CBM 173 Extra"]
[Source "ChessBase"]
[SourceDate "2016.08.29"]
[SourceVersion "1"]
[SourceVersionDate "2016.08.29"]
[SourceQuality "1"]

1. d4 e6 2. c4 f5 3. g3 Nf6 4. Bg2 d5 5. Nf3 c6 6. Nc3 Bd6 7. b3 Ne4 8. Qc2 Bb4 9. Bb2 Bxc3+ 10. Bxc3 Nxc3 11. Qxc3 0-0 12. e3 Nd7 13. 0-0 g5 14. Nd2 Nf6 15. f3 g4 16. f4 Qe8 17. b4 b6 18. a4 Bb7 19. Rfb1 Rc8 20. c5 Qe7 21. Qa3 h5 22. Kf2 Kg7 23. Bf1 Rh8 24. Bd3 h4 25. Rh1 Rh6 26. Kg2 Rch8 27. b5 hxg3 28. hxg3 Nh5 29. Rag1 Nxg3 30. Rxh6 Rxh6 31. Kxg3 Qh4+ 32. Kg2 Qh2+ 33. Kf1 Qxd2 34. cxb6 Qd1+ 35. Kf2 Qf3+ 36. Ke1 Qxe3+ 37. Kd1 Qxg1+ 38. Kc2 Rh2+ 39. Kb3 Qd1+ 40. Kb4 axb6 41. a5 Qd2+ 0-1

[Event "GER-ch U25-A"]
[Site "Willingen"]
[Date "2016.05.21"]
[Round "9"]
[White "Fistoul, Boris"]
[Black "Zeuner, Ole"]
[Result "1-0"]
[WhiteElo "1876"]
[BlackElo "1567"]
[PlyCount "71"]
[EventDate "2016.05.15"]
[EventType "swiss"]
[EventRounds "9"]
[EventCountry "GER"]
[SourceTitle "CBM 172 Extra"]
[Source "ChessBase"]
[SourceDate "2016.06.21"]
[SourceVersion "1"]
[SourceVersionDate "2016.06.21"]
[SourceQuality "1"]

1. d4 Nf6 2. c4 c5 3. d5 b5 4. cxb5 a6 5. bxa6 g6 6. Nc3 Bxa6 7. e4 Bxf1 8. Kxf1 d6 9. g3 Bg7 10. Kg2 0-0 11. f4 Nbd7 12. Nf3 Qc7 13. Re1 Rfb8 14. h3 e6 15. dxe6 fxe6 16. e5 dxe5 17. fxe5 Ne8 18. Qe2 Qc6 19. Kh2 Nc7 20. Bf4 Nb6 21. Ne4 Ncd5 22. Rec1 Nd7 23. Neg5 h6 24. Ne4 g5 25. Bxg5 hxg5 26. Nfxg5 Nxe5 27. Qh5 Rxb2+ 28. Kg1 Ne3 29. Qh7+ Kf8 30. Rf1+ Nxf1 31. Rxf1+ Ke8 32. Qg8+ Ke7 33. Qxg7+ Kd8 34. Rf8+ Qe8 35. Nxe6+ Kc8 36. Rxe8# 1-0

[Event "GER-ch U25-A"]
[Site "Willingen"]
[Date "2016.05.17"]
[Round "4"]
[White "Ciolek, Andreas"]
[Black "Fistoul, Boris"]
[Result "1-0"]
[WhiteElo "2102"]
[BlackElo "1876"]
[PlyCount "49"]
[EventDate "2016.05.15"]
[EventType "swiss"]
[EventRounds "9"]
[EventCountry "GER"]
[SourceTitle "CBM 172 Extra"]
[Source "ChessBase"]
[SourceDate "2016.06.21"]
[SourceVersion "1"]
[SourceVersionDate "2016.06.21"]
[SourceQuality "1"]

1. e4 e6 2. d4 b6 3. Nf3 Bb7 4. Bd3 c5 5. c3 Nf6 6. Qe2 Be7 7. 0-0 c4 8. Bc2 d5 9. Nbd2 Qc7 10. e5 Nfd7 11. Re1 Nc6 12. Nf1 h6 13. Bf4 0-0-0 14. N1d2 g5 15. Bg3 b5 16. b3 Rdg8 17. h3 Qd8 18. a4 b4 19. bxc4 bxc3 20. Nb1 Ba6 21. Nxc3 g4 22. hxg4 Rxg4 23. Nb5 h5 24. cxd5 h4 25. Nd6+ 1-0